000
00322nam a2200145Ia 4500
008
240624s9999 xx 000 0 und d
041
_a
eng
082
_a
338.4 JON
100
_a
JONES ANDREW M
245
_a
APPLIED HEALTH ECONOMICS
250
_a
(2nd ed.)
260
_c
2012
300
_a
352 : p.
365
_c
GBP
_b
28
999
_c
22122
_d
22122